| 000 | 01731nam0a2200385 4500 | ||
|---|---|---|---|
| 001 | RU\NLR\bibl\1417722 | ||
| 005 | 20250615213528.0 | ||
| 010 |
_a978-5-9614-1047-1 _bв пер. _92000 |
||
| 021 |
_aRU _b2009-59285 _93662 |
||
| 035 | _a(nilc)RSL-KNO-004362026 | ||
| 035 | _a(NLR Aleph) 001409679 | ||
| 090 |
_a1274435 _c1274435 |
||
| 100 | _a20090717d2009 |||y0rusy50 ca | ||
| 101 | 1 |
_arus _ceng |
|
| 102 | _aRU | ||
| 105 | _aa zzzz||||| | ||
| 200 | 1 |
_aПроизводство с невероятной скоростью _eулучшение финансовых результатов предприятия _fУильям Детмер, Эли Шрагенхайм _gпер. с англ. [О. Наливайко] |
|
| 210 |
_aМосква _cАльпина Паблишерз _d2009 |
||
| 215 |
_a329 с. _cил., табл. _d24 |
||
| 300 | _aНа авантит.: Посвящается Элияху Голдратту, выдающемуся мыслителю и учителю | ||
| 320 | _aБиблиогр.: с. 318-320 | ||
| 606 | 1 |
_aПромышленные предприятия _xФинансы _xУправление _92253835 _3RU\NLR\auth\661351748 |
|
| 606 | 1 |
_aПромышленные предприятия _xОрганизация производства _9909001 _3RU\NLR\auth\6611932 |
|
| 610 | 0 | _aтеория ограничений | |
| 686 |
_aУ830.1-210.3,0 _2rubbk |
||
| 686 | _aУ30(0)-93-21 | ||
| 686 | _aУ30(0)-801 | ||
| 700 | 1 |
_aДетмер _bУ. _f1944- _gУильям _4070 |
|
| 701 | 1 |
_aШрагенхайм _bЭ. _gЭли _4070 |
|
| 801 | 0 |
_aRU _bРКП _c20090717 _grcr |
|
| 801 | 1 |
_aRU _bРГБ _c20090717 |
|
| 801 | 2 |
_aRU _bNLR _c20090930 _grcr |
|
| 942 | _cBOOK | ||
| 980 | _aNB | ||